[Event "Bucharest m"]
[Site "Bucharest"]
[Date "2005.03.22"]
[Round "3"]
[White "Istratescu, Andrei"]
[Black "Karpov, Anatoly"]
[Result "1-0"]
[WhiteElo "2617"]
[BlackElo "2674"]
[Annotator "Huzman,A"]
[PlyCount "148"]
[EventDate "2005.03.20"]
[EventType "match"]
[EventRounds "4"]
[EventCountry "ROU"]
[SourceTitle "CBM 106"]
[Source "ChessBase"]
[SourceDate "2005.06.06"]
[SourceVersion "1"]
[SourceVersionDate "2005.06.06"]
[SourceQuality "1"]

1. e4 e5 2. Nf3 Nf6 3. Nxe5 d6 4. Nf3 Nxe4 5. Nc3 Nxc3 6. dxc3 Be7 7. Bf4 Nd7
8. Qd2 Nc5 9. O-O-O O-O 10. Be3 Re8 11. Bc4 (11. Kb1 Ne4 (11... Bf6 12. Qc1 Qe7
13. Nd4 Bd7 14. Bc4 c6 15. Rhe1 d5 16. Bf1 Rad8 $11 {1/2-1/2 Rodriguez
Guerrero,E-Perea,O/Havana CUB 2004/(19)}) 12. Qc1 (12. Qe1 Bf6 13. Nd4 Bg5 14.
Bxg5 Nxg5 15. Be2 Ne6 {1/2-1/2 Bakre,T-Suvrajit,S/Visakhapatnam IND 2004/(15)})
12... Bf6 13. Nd4 Bd7 (13... c5 14. Nb3 Qe7 15. Bb5 Rd8 16. f3 Ng5 17. Rhe1 Ne6
18. Bc4 Qc7 19. Bd5 a5 20. Nd2 a4 21. Ne4 $16 {1/2-1/2 Dworakowska,J-Meenakshi,
S/Hyderabad 2002/CBM 90 ext (51)}) 14. f3 Nc5 15. Nb3 Nxb3 16. cxb3 Bf5+ $11 {
0-1 Yasakov,I-Cottegnie,F/IECG 2003/Telechess CBM 99 (42)}) (11. h4 Bg4 12. Be2
(12. Qd4 Qc8 13. Qf4 Qf5 $11 {1/2-1/2 Van Kooten,L-Wang Yu/Groningen 2003/CBM
97 ext (51)}) 12... Qc8 13. Kb1 Ne4 14. Qe1 Bf6 15. h5 Qe6 $15 {0-1 Short,
N-Karpov,A/Moscow 2002/CBM 91_01 (53)}) (11. Nd4 Ne4 12. Qe2 c5 13. Nb3 Bg5 14.
f4 Bf6 $15 {0-1 Chulivska,V-Goreskul,A/Lvov 2003/EXT 2004 (24)}) 11... Be6 12.
Bxe6 Nxe6 13. h4 Qd7 (13... a5 14. g4 b5 (14... a4 15. a3 Qd7 16. Qd5 Qc6 17.
c4 Qxd5 18. cxd5 Nc5 19. Nd4 $14 {1-0 Sedlak,N-Vulinovic,R/Budva 2003/CBM 96
ext (41)}) 15. h5 b4 16. c4 a4 17. g5 b3 $36 {1-0 Ramaswamy,A-Pourkashiyan,A/
Abu Dhabi UAE 2004/(33)}) (13... c6 14. Ng5 Qa5 15. Kb1 Nf8 16. Qd3 Rad8 17. f4
d5 18. g4 $36 {1-0 Marechal,A-Laurent,B/Eupen 2003/CBM 95 ext (44)}) (13... Nc5
14. Ng5 Bf6 15. Qd5 Bxg5 16. hxg5 Rxe3 17. fxe3 Qe7 18. Rh3 Qe4 19. Qd4 $16 {
1-0 Bednarski,J-Hess,C/Hamburg 1983/MCD (28)}) (13... Bf6 14. g4 g6 15. h5 $16
{0-1 Vozovic,O-Goreskul,A/Lvov 2003/EXT 2004 (43)}) (13... Bf8 14. h5 h6 $6 15.
g4 $40 {1-0 Kayumov,S-Hilwani,T/Doha 2003/CBM 94/[Huzman] (38)}) 14. Kb1 Qb5 (
14... Qa4 15. Ng5 Nf8 16. Rh3 c6 17. Rg3 Qxh4 18. Rh3 Qg4 19. f3 Qf5 20. g4 Qd5
21. Qxd5 cxd5 22. Nxh7 $16 {1-0 Apicella,M-Laurent,B/Avoine 2003/CBM 95 ext 
(36)}) 15. Rh3 (15. g4 Qc4 16. Rdg1 Nc5 17. g5 Ne4 18. Qd3 d5 $1 19. Qxc4 dxc4
20. Rg4 f5 $1 21. gxf6 Bxf6 22. h5 {1/2-1/2 Akopian,V-Motylev,A/Chalkidiki
2002/CBM 92/[Huzman] (22)}) 15... Rad8 16. Ng5 Bf8 (16... Bf6 17. g4 d5 18.
Nxe6 Rxe6 19. h5 $14) 17. a4 $5 Qxa4 (17... Qa6) 18. Qd3 Nxg5 $6 {The opening
of the h-file is very dangerous for Black.} (18... g6 19. h5 Rd7 $1 (19... Bg7
20. Nxh7 Kxh7 21. hxg6+ Kg8 22. gxf7+ Kxf7 23. Qf5+ Kg8 24. Qh7+ Kf7 25. Rf3+
Ke7 26. Bg5+ $18) 20. Nf3 (20. Rdh1 Nxg5 21. Bxg5 Qe4 22. Qg3 Qf5 $13) (20. Ne4
Bg7 21. Rdh1 d5 $17) (20. Nxh7 Kxh7 21. hxg6+ Kg8 22. Rdh1 Bg7 $17) (20. hxg6
fxg6 21. Nf3 Rf7 22. Rh4 Qc6 23. Rdh1 $44) 20... Rde7 21. Rh4 Qc6 22. Rdh1 $44)
19. hxg5 Qe4 20. Qe2 (20. Rdh1 $5 Qxd3 21. cxd3 h6 22. gxh6 gxh6 (22... g6 23.
Rf3 Rd7 24. g4 Kh7 25. g5 $14) 23. Bxh6 Bxh6 24. Rxh6 $14) 20... Qxg2 21. Rdh1
Qe4 22. Rh4 (22. Qh5 h6 23. gxh6 g6 24. Qa5 c5 $11) 22... Qf5 23. Qc4 (23. Rxh7
Qxh7 24. Rxh7 Kxh7 25. Qh5+ Kg8 26. g6 fxg6 27. Qd5+ Kh7 28. Qh1+ $11 (28. Qxb7
$5)) 23... Re7 24. Rh5 Rde8 $2 (24... d5 $1 25. Qd3 (25. Qh4 Re4 26. Qh2 Bd6
$17) 25... Qxd3 26. cxd3 h6 27. gxh6 gxh6 28. Bxh6 Bxh6 29. Rxh6 Kg7 $15) 25.
Qh4 Re4 26. Qh2 $40 f6 27. gxf6 Qxf6 28. Rxh7 R8e5 29. Qg2 d5 $2 (29... Kf7 30.
R1h6 Qf5 31. Rh3 $1 $36) 30. R1h6 Qf5 31. Bc5 Re7 $8 32. Bxe7 Rxe7 33. Rh3 $2 (
33. Rh8+ Kf7 34. Rh5 $18) 33... Qxh7 34. Qxd5+ Kh8 35. Rxh7+ Kxh7 36. Qxb7 $16
c5 37. Qd5 g6 38. Ka2 $1 {[%cal Ga2b3,Gb3a4,Ga4a5,Ga5a6]} Rc7 39. c4 Rg7 40. f4
Kh8 41. Kb3 Rh7 42. Ka4 Kg7 43. Qe5+ Kf7 44. f5 gxf5 45. Qxf5+ Kg8 46. Qd5+ Rf7
47. c3 $1 Kg7 48. b4 cxb4 49. cxb4 Kf6 50. c5 Bh6 51. Kb5 Bf4 52. Ka6 Re7 53.
b5 Be3 54. Qf3+ Kg6 55. Qg4+ Kf6 56. Qh4+ Kf7 57. Qc4+ Kf6 58. Qd5 Kg6 59. b6
axb6 60. cxb6 Bf4 61. b7 Rf7 62. Qe4+ Kg7 63. Qxf4 $18 Rxf4 64. b8=Q Rf5 65.
Kb6 Kg6 66. Kc6 Rf6+ 67. Kd5 Rf5+ 68. Ke4 Rf7 69. Qd8 Rf6 70. Qg8+ Kh6 71. Ke5
Ra6 72. Qd8 Ra1 73. Qd3 Kg5 74. Qc3 Ra4 (74... Ra4 75. Qd2+ Kh4 76. Kf5 $1 Kg3
77. Qd3+ Kh4 78. Qc2 Ra5+ 79. Kf4 $18) 1-0

[Event "Linares 22nd"]
[Site "Linares"]
[Date "2005.03.04"]
[Round "9"]
[White "Leko, Peter"]
[Black "Adams, Michael"]
[Result "1/2-1/2"]
[WhiteElo "2749"]
[BlackElo "2741"]
[Annotator "Huzman,A"]
[PlyCount "57"]
[EventDate "2005.02.23"]
[EventType "tourn"]
[EventRounds "14"]
[EventCountry "ESP"]
[EventCategory "20"]
[SourceTitle "CBM 106"]
[Source "ChessBase"]
[SourceDate "2005.06.06"]
[SourceVersion "1"]
[SourceVersionDate "2005.06.06"]
[SourceQuality "1"]

1. e4 e5 2. Nf3 Nf6 3. Nxe5 d6 4. Nf3 Nxe4 5. d4 d5 6. Bd3 Nc6 7. O-O Be7 8.
Re1 Bg4 9. c3 f5 10. Qb3 O-O 11. Nbd2 Na5 12. Qc2 Nc6 13. b4 a6 (13... Bd6 14.
b5 Ne7 (14... Nxd2 15. Nxd2 Ne7 16. Nf1 h6 17. f3 Bh5 18. Ng3 Bg6 19. Ne2 Qd7
20. Bf4 Rae8 21. Be5 Bf7 22. Nf4 $14 {1-0 Cheparinov,I-Gomez Esteban,J/
Elgoibar ESP 2004/(40)}) 15. Ne5 Bxe5 16. dxe5 Nc5 17. Nb3 Nxd3 18. Qxd3 f4 19.
Qd4 Ng6 20. Nc5 Nh4 21. Bxf4 Nxg2 $1 22. Bg3 Nxe1 $17 {1/2-1/2 Arakhamia Grant,
K-Engedal,K/Stockholm 1994/EXT 2000 (34) '-/+'}) 14. a4 (14. Ne5 Nxe5 15. dxe5
Bh4 16. Rf1 Bxf2+ 17. Rxf2 Nxf2 18. Kxf2 Qh4+ 19. Kg1 Qe1+ 20. Nf1 f4 21. Bb2
Qxe5 22. c4 $16 {1-0 Karjakin,S-Vasilevich,T/playchess.com INT 2004 (35)})
14... Bd6 (14... Kh8 15. Ba3 Bd6 16. b5 axb5 17. Bxd6 cxd6 18. Bxb5 Na5 $11 {
1-0 Santo Roman,M-Koch,J/Belfort FRA 2004/(45)}) 15. Rb1 {Leko tries to
improve Ponomariov's play. Ponomariov had to exchange the black-squared
bishops on d6, and after that Black took control of the square e5 and got
pressure along the c-file on the weak pawn c3.} (15. Ba3 Kh8 (15... Qf6 16. b5
axb5 17. Bxd6 cxd6 18. axb5 Na5 19. b6 Rfc8 20. Qb2 {1/2-1/2 Amonatov,F-Turov,
M/St Petersburg 2003/EXT 2004 (20)}) (15... Rf6 16. b5 Nxd2 17. Qxd2 Bxf3 18.
bxc6 Rg6 19. g3 bxc6 20. Bxf5 (20. Bxd6 cxd6 (20... Qxd6 $142 21. Bxf5 Rf6 22.
Re5 Raf8 23. Bd3 c5 $132) 21. Bxf5 Rf6 22. Qd3 g6 23. Qxf3 Rxf5 24. Qe2 $14 {
0-1 Morozevich,A-Karpov,A/Prague 2002/CBM 089/[Huzman] (97)}) 20... Rf6 21. Qd3
Bxa3 22. Rxa3 Qf8 23. Bxh7+ Kh8 24. Ra2 Qf7 25. Re3 Rf8 26. Qb1 g6 27. Rxf3
Rxf3 28. Bxg6 Qf6 29. Qc2 Qe6 30. Qb1 Qf6 31. Qc2 Qe6 32. Qb1 c5 33. dxc5 Qf6
34. Qc2 Qe6 35. Qb1 Qf6 36. Qc2 Qe6 {1/2-1/2 Morozevich,A-Shirov,A/Monaco 2002/
CBM 87 ext (36)}) 16. b5 axb5 17. Bxd6 cxd6 18. axb5 Na5 19. h3 Bh5 20. Nh2 Rc8
21. Ra3 b6 22. Ndf1 f4 23. f3 (23. Bxe4 dxe4 24. Qxe4 Qg5 25. Nf3 Qxb5 $15 {
1/2-1/2 Wittmann,W-Blauert,J/Budapest HUN 2005/(65)}) 23... Qh4 24. Re2 Ng3 25.
Nxg3 fxg3 26. Nf1 Bxf3 27. gxf3 Rxf3 $40 {1/2-1/2 Ponomariov,R-Adams,M/Wijk
aan Zee NED 2005/(41)}) (15. h3 Bh5 16. Ba3 Nxd2 17. Nxd2 Ne7 18. Be2 Bxe2 19.
Rxe2 Ng6 $11 {1-0 Citak,S-Moen,A/Izmir TUR 2004/(39)}) 15... Re8 (15... Qf6 $5
16. b5 axb5 17. Rxb5 (17. axb5 Bxf3 18. Nxf3 Na5 $132) 17... Rae8 $132) 16. b5
axb5 17. axb5 (17. Rxb5 Ra7 (17... Nxd2 18. Rxe8+ Qxe8 19. Nxd2 Qe1+ (19... Qh5
20. Nf1 f4 21. Rxb7 f3 22. Ng3 Qh4 23. Qb3 Be6 24. Qb5 $16) 20. Nf1 Bd1 21. Qa2
$16) 18. Qb3 Kh8 $11) 17... Na5 18. Ne5 {White realized the idea but at this
moment Black receives strong attack by a piece sacrifice.} Bxe5 (18... Bh5 19.
Nf1 Bxe5 20. dxe5 Nc4 21. f3 Ned6 22. Bf4 $1 Na3 23. Qc1 Nxb1 (23... Ndc4 24.
Ra1 $16) 24. exd6 $16) 19. dxe5 Nxf2 $1 {[%mdl 512]} (19... Qh4 20. Nf1 Rxe5
21. Be3 Bh5 22. f3 Nd6 23. Bf2 Qe7 24. Rxe5 Qxe5 25. Re1 Qf6 26. Ne3 $16) 20.
Kxf2 Qh4+ 21. Kf1 Qxh2 22. Ba3 (22. Bb2 Re6 $40) 22... Re6 $40 {[%mdl 128]} 23.
Qa2 (23. Bc5 Rg6 $40) 23... Rd8 24. Bc5 $1 {[%cal Gc5g1][%mdl 256]} Rh6 {
Black creates a "draw mechanizm" by this move.} (24... Rg6 $5 {[%cal Yg4h3]}
25. Rb2 (25. Bg1 Qf4+ 26. Bf2 Rh6 27. Kg1 Qh2+ 28. Kf1 Qh1+ 29. Bg1 Rh2 30. Nb3
Rxg2 31. Qxg2 Bh3 32. Re2 f4 $1 33. Bf5 Bxg2+ 34. Rxg2 Nc4 $19) 25... b6 26.
Be3 Qh1+ 27. Kf2 (27. Bg1 Bh3 28. Nf3 Rg3 $1 29. Nh2 Rxd3 30. gxh3 Nc4 31. Rg2
f4 $40) 27... Qh4+ 28. Kf1 $11) 25. e6 (25. Be2 Qh1+ (25... Qf4+ 26. Kg1 Qh2+
27. Kf2 $16) 26. Bg1 (26. Kf2 Qh4+) 26... Rh2 27. Bf3 Nc4 28. Bxd5+ Rxd5 29.
Nxc4 Rxg2 30. Qxg2 Bh3 31. Rb2 f4 $1 32. Ra1 f3 33. Qxh3 Qxh3+ 34. Kf2 Qh4+ $19
) 25... Qf4+ 26. Kg1 Qh2+ 27. Kf1 Qf4+ 28. Kg1 Qh2+ 29. Kf1 1/2-1/2

[Event "Linares 22nd"]
[Site "Linares"]
[Date "2005.03.04"]
[Round "9"]
[White "Topalov, Veselin"]
[Black "Anand, Viswanathan"]
[Result "1/2-1/2"]
[WhiteElo "2757"]
[BlackElo "2786"]
[Annotator "Huzman,A"]
[PlyCount "138"]
[EventDate "2005.02.23"]
[EventType "tourn"]
[EventRounds "14"]
[EventCountry "ESP"]
[EventCategory "20"]
[SourceTitle "CBM 106"]
[Source "ChessBase"]
[SourceDate "2005.06.06"]
[SourceVersion "1"]
[SourceVersionDate "2005.06.06"]
[SourceQuality "1"]

1. e4 e5 2. Nf3 Nf6 3. Nxe5 d6 4. Nf3 Nxe4 5. Nc3 Nxc3 6. dxc3 Be7 7. Be3 Nc6
8. Qd2 Be6 9. O-O-O (9. Bd3 Qd7 (9... h6 10. O-O Qd7 11. Rfe1 O-O-O 12. Bb5 Qe8
13. Nd4 Bd7 14. Nxc6 Bxc6 15. Bxc6 Qxc6 16. Bxa7 $16 {1-0 De Loughry,
D-Parniani/Varna 1962/MCD (45)}) 10. a3 (10. Nd4 Ne5 11. Nxe6 Qxe6 12. O-O O-O
13. Bd4 Nxd3 14. cxd3 $11 {1/2-1/2 Garrido,J-Llorente Zaro,A/Toledo 2003/EXT
2004 (40)}) (10. O-O O-O 11. Ng5 Bxg5 12. Bxg5 Ne5 13. Be2 Bc4 14. Rae1 Bxe2
15. Rxe2 Rae8 $11 {1/2-1/2 Tartakower,S-Zuckerbaecker,L/Vienna 1914/EXT 2001 
(26)}) 10... Ne5 11. Nxe5 dxe5 12. f3 Rd8 13. Qe2 a6 14. Rd1 f5 15. Bf2 Bf6 $11
{1-0 Shiraliyeva,F-Avdeeva,Y/Baku 2001/EXT 2002 (26)}) (9. Nd4 Nxd4 10. cxd4 d5
{1/2-1/2 Ljuboschitz,A-Staller,P/Freudenstadt 2002/EXT 2003 (10)} (10... Qd7
11. d5 Bf5 12. Bd3 O-O 13. Bxf5 Qxf5 14. O-O h6 15. Rae1 {1/2-1/2 Bruun,
J-Sander,R/Gausdal 2000/CBM 77 ext (15)})) (9. Be2 Bf6 10. Ng5 Qd7 11. Nxe6
Qxe6 12. O-O O-O 13. Bf3 Ne5 14. Bd5 Qd7 15. Bd4 c6 16. Be4 Nc4 $2 17. Bxh7+
$16 {1-0 Zier,L-Sandrin,A/Hastings 1982/EXT 2004 (18)}) (9. Ng5 Qd7 10. Nxe6
Qxe6 11. Be2 Ne5 (11... O-O 12. O-O Ne5 13. Rfe1 Bf6 14. Bd4 c5 15. Be3 Rad8
16. Rad1 Nc4 17. Bxc4 Qxc4 18. Qd5 $14 {1/2-1/2 Jagodzinska,J-Sosnowska,E/
Poznan 1989/EXT 97 (33)}) 12. O-O Nc4 13. Bxc4 Qxc4 14. Rfe1 O-O 15. Bd4 Bd8
16. Re2 c5 17. Be3 Bf6 18. Qd3 Qxd3 19. cxd3 Rfe8 $11 {1/2-1/2 Valdes,
M-Fittante,G/Pula 1997/CBM 57 ext (43)}) 9... a6 {Black chooses the plan with
long castle. It prevents the pin of the Nc6 with the last move. But now White
gets advantage because of his bishops pair.} (9... Qd7 10. Kb1 (10. Nd4 Nxd4
11. Bxd4 Qa4 12. a3 Bf5 13. Re1 Kd7 14. Rxe7+ Kxe7 15. Bxg7 $16 {1/2-1/2
Sciortino,M-Bondielli,G/Porto San Giorgio 2001/EXT 2002 (53)}) 10... O-O-O 11.
Nd4 Rhf8 12. Bb5 Bd5 13. f3 a6 14. c4 Bxf3 15. Nxf3 axb5 16. cxb5 $16 {1-0
Ushakova,I-Jousopkanova,S/St Lorenzo 1995/Juniors (46)}) (9... Bf6 10. Kb1 Qd7
11. h3 h6 12. g4 O-O-O 13. Bb5 a6 14. Ba4 $14 {1/2-1/2 Jasny,S-Weissmann,L/
Ostrava 2002/CBM 88 ext (44)}) (9... O-O 10. Bd3 (10. Rg1 Na5 11. b3 c5 12. c4
Qc7 13. Ng5 Rad8 14. Bd3 g6 15. Be4 $14 {1-0 Goebel-Huether,M/Germany 1992/EXT
2002 (25)}) 10... Qe8 11. Kb1 Ne5 12. Nd4 Bf6 13. Rhe1 Bd7 14. Be2 Bc6 15. f4
Nd7 16. Nxc6 bxc6 17. Bf3 $16 {1-0 Kharitonov,S-Medvedkov,A/St Petersburg 1998/
EXT 99 (46)}) 10. Ng5 Bxg5 {Of course, Black exchanges his passive bishop.} 11.
Bxg5 Qd7 (11... f6 12. Bf4 Qd7 13. h4 Ne5 14. b3 O-O-O 15. h5 Rhe8 16. f3 Qc6
17. Qd4 Qc5 18. Qxc5 dxc5 19. h6 Rxd1+ 20. Kxd1 g6 21. Be3 Nd7 $11 {1/2-1/2
Forchert,M-Pautz,P/Enger Spenge 1989/EXT 2002 (64)}) 12. b3 f6 {White's last
move can push Black to the idea of short castle with the plan of attacking the
position of the Kc1 by a5-a4.} (12... O-O $5 13. Bd3 a5 14. a4 Ne5 15. Bb5 c6
16. Be2 d5 17. c4 Qc7 18. c5 $13) 13. Be3 O-O-O 14. h3 Qf7 15. Be2 $14 {
The closest plan for White is to open the position by c4-c5, but at first he
exchanges one pair of rooks on the e-file to prevent Black's counterplay.} h5
16. Rhe1 Rhe8 (16... g5 $5 17. f4 g4 18. Bd3 gxh3 19. f5 Bd5 20. gxh3 Ne5 $11)
17. f3 Qg6 18. Bf1 Bf5 19. Kb2 Re5 20. Bf4 Rxe1 21. Rxe1 Re8 22. Rd1 $1 {
[%mdl 36]} Bd7 23. c4 Qf5 $2 {This move is typical for Lasker's style! The Qf5
is now in danger and Black hopes that this will draw away White's attention
from the main plan.} 24. Bd3 Qc5 25. Bg6 Rh8 (25... Re7 26. Qd5 h4 27. Qg8+ Nd8
28. Qf8 $16) 26. Be4 Re8 27. c3 $1 {[%csl Rc5]} g5 28. Be3 Qe5 29. Bf2 $1 (29.
c5 f5 30. Bxc6 Bxc6 31. Bd4 Qe2 $11) 29... f5 30. Bd3 Qg7 {Qg7 is now in the
save place but pawns of the king's side are weakened.} 31. c5 dxc5 (31... d5
32. Bc2 Be6 33. Re1 Qf6 34. h4 $1 g4 35. Qf4 $16 (35. Qg5 $16)) 32. Bxc5 Kb8 $6
(32... Re5 $142 33. Qf2 (33. Bf2 Rd5 $132) 33... Rd5 $14) 33. Bc4 Bc8 $6 (33...
Ne5 34. Bf1 f4 35. Bd4 $14) 34. Bd5 Qe5 $2 (34... Rd8 35. Qe2 Ne5 $14) 35. Bxc6
bxc6 36. Bf2 Qe2 37. Ka3 $16 Qxd2 38. Rxd2 Kb7 39. h4 g4 40. f4 {[%csl Rc8]}
Re7 41. c4 Rd7 42. Re2 $2 (42. Rxd7 $5 {[%mdl 4096] I don't see how Black
could hold the position in the bishops endgame.} Bxd7 43. Bc5 {[%cal Ga3b2,
Gb2e5]} Be6 44. Kb2 Kc8 45. Kc3 Kd7 46. Kd4 Ke8 47. Ke5 Kf7 48. Ba7 $18) 42...
Rd3 $1 43. Kb4 g3 $132 44. Bc5 Rd7 $2 {[%cal Yd7g7,Yg7g4]} (44... Rd1 $1 45.
Re3 Rf1 46. Rxg3 Rxf4 47. Be7 Rg4 $11) 45. Be7 $2 (45. Re3 Rg7 46. Be7 $16)
45... Rd4 $1 46. Bg5 Re4 $1 47. Rd2 Kb6 $11 48. Rd3 c5+ 49. Ka3 Re2 50. Rxg3
Bb7 51. Bf6 Rxg2 52. Rg5 Rxg5 53. fxg5 (53. hxg5 h4 54. g6 h3 55. g7 h2 56.
g8=Q h1=Q 57. Qe6+ Bc6 58. Qxf5 Qc1+ 59. Bb2 Qe1 $11) 53... f4 54. Be5 f3 55.
Bg3 Be4 56. Kb2 Kc6 57. Ka3 Bb1 58. Bf2 Kd6 59. Kb2 Be4 60. Kc1 Bg6 61. Kd2 Bb1
62. a3 Bg6 63. Bg3+ Kd7 64. Ke3 Bc2 65. Kxf3 Ke6 66. Ke3 c6 67. b4 cxb4 68.
axb4 Kf5 69. Kd4 Bd1 1/2-1/2

[Event "Linares 22nd"]
[Site "Linares"]
[Date "2005.02.24"]
[Round "2"]
[White "Kasparov, Garry"]
[Black "Kasimdzhanov, Rustam"]
[Result "1/2-1/2"]
[WhiteElo "2804"]
[BlackElo "2678"]
[Annotator "Huzman,A"]
[PlyCount "102"]
[EventDate "2005.02.23"]
[EventType "tourn"]
[EventRounds "14"]
[EventCountry "ESP"]
[EventCategory "20"]
[SourceTitle "CBM 106"]
[Source "ChessBase"]
[SourceDate "2005.06.06"]
[SourceVersion "1"]
[SourceVersionDate "2005.06.06"]
[SourceQuality "1"]

1. e4 e5 2. Nf3 Nf6 3. Nxe5 d6 4. Nf3 Nxe4 5. d4 d5 6. Bd3 Nc6 7. O-O Be7 8. c4
Nb4 9. Be2 O-O 10. a3 Nc6 11. cxd5 Qxd5 12. Nc3 Nxc3 13. bxc3 Bf5 14. Re1 Bf6
15. Bf4 Na5 (15... Rac8 16. Bd3 (16. Nd2 Na5 (16... Qd8 $5 $146 17. Nb3 $6 (17.
Qa4 $5) 17... Ne7 $1 18. Bf3 b6 {[%csl Rb3]} 19. Bg3 Qd7 $11 {1/2-1/2 Lautier,
J-Beikert,G/France 2003/CBM 95/[Huzman] (23)}) (16... Qd7 17. Nb3 Rce8 (17...
Rcd8 18. Nc5 Qc8 19. Bf3 b6 20. Ne4 Bxe4 21. Bxe4 Ne7 22. Qf3 c6 23. h4 $36 {
1-0 Stellwagen,D-Koneru,H/Wijk aan Zee 2003/CBM 93_01 (53)}) 18. Nc5 Qc8 19.
Qa4 a5 20. Bf3 Rxe1+ 21. Rxe1 Nd8 22. Ne4 Bxe4 23. Rxe4 b6 24. Qc4 Ne6 25. Bg4
Qb7 26. Bf3 b5 27. Qe2 Nxf4 28. Rxf4 $11 {1/2-1/2 Shirov,A-Kramnik,V/Monte
Carlo 1999/CBM 69 ext (32)}) (16... Nxd4 17. cxd4 Qxd4 18. Be3 Qxa1 19. Qxa1
Bxa1 20. Rxa1 b6 21. Kf1 Rfd8 22. Rc1 Bd3 $11 {1/2-1/2 Panarin,M-Afonin,A/
Rybinsk 2001/EXT 2002 (30)}) (16... Rfe8 17. Bf3 Rxe1+ 18. Qxe1 Qd7 19. Ne4 Be7
20. Qd1 Bd6 $1 21. Bxd6 cxd6 22. Ng3 Ne7 $1 23. Nxf5 Nxf5 $132 {1/2-1/2 Short,
N-Karpov,A/Prague 2002/CBM 89/[Huzman] (45)}) 17. Bf3 Qd7 18. Ne4 Be7 19. Ng3
Bg6 20. Bg4 f5 21. Bf3 Bd6 22. Be5 Kh8 (22... Rfe8 23. Bxb7 Nxb7 24. Qb3+ Qf7
25. Qxb7 $16 {1-0 Konguvel,P-Suvrajit,S/Calcutta 2002/CBM 88 (48)}) 23. h4 Bf7
24. h5 Kg8 25. Qc2 Bc4 26. Rab1 b6 27. Qc1 Rce8 28. Qf4 Bxe5 29. Rxe5 Rxe5 30.
dxe5 Be6 31. h6 $36 {1-0 Kasparov,G-Dao Thien Hai/Batumi 2001/CBM 86 (45)})
16... Na5 17. Ne5 Bxd3 18. Qxd3 Rfd8 19. Ng4 $16 {1/2-1/2 Palkovi,J-Penz,H/
Austria 2003/CBM 97 ext (26)}) (15... Qd7 16. Qb3 (16. Bb5 a6 17. Ne5 Bxe5 18.
Bxc6 Qxc6 19. Rxe5 Qd7 $11 {1/2-1/2 Hansen,S-Schandorff,L/Greve 2002/CBM 87
ext (24)}) (16. Bd3 Bg6 17. Rb1 b6 18. Rb2 (18. Bxg6 hxg6 19. Rb2 Rfe8 $11 {
1/2-1/2 Coleman,P-De Carlos Arregui,I/ICCF Email 2002/ICCF Telechess CBM 100 
(30)}) 18... Bxd3 19. Qxd3 Rfe8 20. Rbe2 Rxe2 21. Qxe2 h6 $11 {1/2-1/2 Nataf,
I-Sakaev,K/Moscow 2001/CBM 86 (34)}) 16... b6 17. Rad1 Na5 18. Qa2 Rad8 19. a4
Rfe8 20. Be5 Bxe5 21. Nxe5 Qe6 22. Qd2 f6 $11 {1/2-1/2 Pasko,A-Sorokina,V/
Kharkov 2003/CBM 92 ext (43)}) 16. Bf1 $1 {[%mdl 4] It is a very logical and
strong move - White open the e-file for his Re1.} (16. Qa4 b6 17. Rad1 (17. c4
Qd8 18. Rad1 Rc8 19. h3 Re8 20. Bd2 Nb7 21. c5 $36 {1-0 Yamaliev,V-De Wolf,B/
ICCF Email 2002/ICCF Telechess CBM 100 (36)}) (17. Nd2 Bd7 18. Qd1 Rac8 19. Bd3
Bf5 20. Ne4 Be7 21. Qh5 Bxe4 22. Qxd5 Bxd5 23. Rxe7 $16 {1/2-1/2 Short,
N-Bologan,V/Skanderborg 2003/CBM 98 no vc (45)}) 17... Be6 18. Bd3 c6 19. c4
Qh5 20. Qc2 b5 21. cxb5 cxb5 22. Qc5 Qxc5 23. dxc5 Nc4 24. a4 Nb2 25. axb5 Nxd1
26. Rxd1 $44 {1-0 Karjakin,S-Singh,S/FIDE.com 2002/EXT 2003 (42)}) (16. Nd2 c5
17. Bf3 Qd8 18. Ne4 Bxe4 19. Rxe4 cxd4 20. cxd4 Nc6 21. Be3 Qd6 22. Rb1 Rad8
23. Qa4 b5 {1/2-1/2 Short,N-Lalic,B/Port Erin 1999/CBM 74 (23)}) 16... c5 $6 ({
White can take the pawn c7 in case of} 16... Rfe8 17. Rxe8+ Rxe8 18. Bxc7 Rc8
19. Qa4 (19. Bxa5 Qxa5 20. c4 Bg4) 19... b6 20. Bf4 h6 21. Qb4 Nc4 22. Re1 $16)
(16... Nc4 $5 17. Ne5 (17. Bxc7 Rac8 18. Be5 Nxe5 19. dxe5 Qxd1 20. Rexd1 Be7
21. Nd4 Bd7 22. Rab1 b6 23. Bb5 Rfd8 $44) 17... Nxe5 18. Bxe5 Qc6 19. Bxf6 Qxf6
20. Qf3 b6 21. Re5 Be6 22. Qxf6 gxf6 23. Rh5 $16) 17. Be5 $1 cxd4 (17... Qc6
18. d5 Qb6 19. Qa4 Bxe5 20. Rxe5 $16 {[%csl Ra5]}) (17... Bg4 18. Bxf6 Bxf3 19.
Qa4 Nc6 20. Bh4 (20. Re3 Bh5 21. Bc4 Qf5 22. Be5 cxd4 23. cxd4 Rad8 24. Rae1
Qd7) 20... Be4 21. dxc5 Rfe8 22. Bg3 $16) 18. Bxf6 gxf6 19. Nxd4 $16 {[%csl
Rf5,Rf6,Rf7]} Bg6 (19... Rfe8 20. Qh5 Be6 21. Qh4 Qg5 22. Qxg5+ fxg5 23. Re5
$18) 20. h4 (20. Qa4 $5 {[%cal Ga1d1]}) 20... Rad8 (20... Rac8 21. Qa4 b6 22.
Re3 $16) 21. Qa4 Qc5 22. Qb4 Rd5 (22... Rc8 23. Re3 (23. g4 h5) 23... b6 24.
Rae1 $16) 23. g4 $1 {[%csl Rg6][%cal Gf1g2,Gh4h5][%mdl 32]} h5 (23... Qc8 24.
Bg2 Rc5 (24... Qxg4 25. Nc6 $1 Qxb4 26. axb4 bxc6 27. Bxd5 cxd5 28. Rxa5 $18)
25. h5 Bd3 26. Rad1 Bc4 27. Nf5 Kh8 28. Nd6 Qc7 (28... Qxg4 29. Nxf7+ $1 Rxf7
30. Rd8+ Kg7 31. Qxc5 $18) 29. Ne4 $18) 24. Bg2 $1 hxg4 (24... Re5 25. f4 Rxe1+
26. Rxe1 b6 27. f5 Bh7 28. gxh5 $16) 25. Bxd5 Qxd5 26. Qe7 Qd8 27. Qb4 Qd5 (
27... b6 28. Rad1 (28. Re7 Qb8 29. Rae1 g3 $132) 28... Qc8 29. Qe7 $18) 28. Qe7
(28. Rad1 Qh5 $132) 28... Qd8 29. Qxd8 (29. Rad1 $1 Qxe7 30. Rxe7 Rc8 31. Ne2
$1 Kf8 32. Red7 Kg7 33. h5 Bc2 (33... Bxh5 34. R1d5 $18) 34. R1d4 f5 35. R4d6
$18) 29... Rxd8 30. Re7 Rc8 31. Rc1 (31. Nb5 $5 Rc5 32. Nxa7 Rxc3 33. Nb5 Rd3
$16) 31... Kg7 32. Rd1 f5 $1 (32... Rxc3 33. Ne6+ Kh6 (33... Kh7 34. h5 Bxh5
35. Rd5 $18) 34. Rd8 $1 Kh7 35. h5 $18) 33. Ne6+ (33. Ne2 $5 $16) 33... Kf6 34.
Rc7 $1 Rh8 35. Nf4 $6 (35. Nd8 $1 Rxh4 36. Rd6+ Kg5 (36... Ke5 37. Rxg6 fxg6
38. Rc5+ Kd6 39. Rxa5 $18) (36... Kg7 37. Rd5 b6 38. Nxf7 $18) 37. Nxf7+ Bxf7
38. Rxf7 Rh3 39. Rd5 $18) 35... Rxh4 36. Kg2 $2 (36. Rd5 b6 37. Rxa7 (37. Rb5
Kg5 38. Nd5 Rh8 39. Rxa7 Nc6 40. Ra4 Ne5 41. Kg2 Nf3 $132) 37... Kg5 38. Ra6
Kxf4 39. Rxb6 Rh3 40. Rxa5 Rxc3 41. Kg2 $16) 36... Kg5 37. Nxg6 fxg6 38. Rh1 (
38. Rd5 b6 39. Rxa7 Rh3 40. Rc7 Nb3 41. Rc6 Nc5 42. Rxb6 Nd3 $132) 38... Rxh1
39. Kxh1 Kf4 $11 40. Kg2 Ke4 41. Kg3 b5 $1 42. Rxa7 Nc4 43. Ra6 (43. a4 bxa4
44. Rxa4 Kd3 45. Ra6 Nd2 46. Rxg6 Ne4+ 47. Kg2 Kxc3 $11) 43... Kd3 44. Kf4 Kxc3
45. Rxg6 Nxa3 46. Kxf5 Nc4 47. Ke4 Nd2+ 48. Ke3 (48. Kd5 b4 49. Rxg4 b3 50. f4
b2 51. Rg1 Nf3 52. Rf1 Nh4 $11) 48... Nc4+ (48... b4 $11) 49. Ke2 (49. Ke4 b4
50. Rxg4 b3 51. Rg3+ Kc2 52. Kd4 Nd2 53. Rc3+ Kd1 $11) 49... b4 50. Rxg4 b3 51.
Kd1 Nb2+ (51... Nb2+ 52. Ke2 (52. Kc1 Nd3+ 53. Kb1 Nxf2 $11) 52... Nc4 53. f4
b2 54. Rg1 Kc2 $11) (51... Ne3+ $5 52. fxe3 b2 53. Rc4+ Kxc4 54. Kc2 b1=Q+ 55.
Kxb1 Kd3 $11) 1/2-1/2